{"text_format":"3","workbook":"xlsx","n_sheets":4,"sheets":["CPVC75电缆套管","草籽（马尼拉草）","容量100KVA箱式变压器","IP55 SM5mm 1200x1500x500路灯配电柜"],"read":"whole","date_system":"1900"}

{"sheet":"CPVC75电缆套管","index":0,"n_rows":38,"n_cols":8,"rows_kept":38,"merged":[[0,0,0,7],[1,0,1,7],[7,0,7,7],[9,4,9,7],[10,4,10,7],[11,4,11,7],[12,0,12,7],[13,0,13,7],[14,0,14,7],[20,0,20,7],[22,4,22,7],[23,4,23,7],[24,4,24,7],[25,0,25,7],[26,0,26,7],[27,0,27,7],[33,0,33,7],[35,4,35,7],[36,4,36,7],[37,4,37,7],[38,0,38,7]]}
["材料设备询价表"]
["项目名称：厦门新机场土石方运输通道（沙美至小光山段）道路改造工程"]
["序号","材料名称","规格型号","单位","数量","单价（元/m）","合价","备注"]
[1,"CPVC75电缆套管",null,"m",7803,13,{"$f":"E4*F4","v":101439},"李氏"]
[2]
[3]
[null,"合计",null,"元",null,null,{"$f":"SUM(G4:G6)","v":101439}]
["说明：1、以上报价不含税不含运费；2、本报价有效期为十五天。"]
[]
[{"$nulls":4},"报价单位：福建李氏管业有限公司泉州办事处"]
[{"$nulls":4},"报价时间：2018年05月04日"]
[{"$nulls":4},"联系电话：0595 2285-0599"]
[]
["材料设备询价表"]
["项目名称：厦门新机场土石方运输通道（沙美至小光山段）道路改造工程"]
["序号","材料名称","规格型号","单位","数量","单价（元/m）","合价","备注"]
[1,"CPVC75电缆套管",null,"m",7803,23.85,{"$f":"E17*F17","v":{"v":186101.55,"d":"186102"}},"顾地"]
[2]
[3]
[null,"合计",null,"元",null,null,{"$f":"SUM(G17:G19)","v":{"v":186101.55,"d":"186102"}}]
["说明：1、以上报价不含税不含运费；2、本报价有效期为十五天。"]
[]
[{"$nulls":4},"报价单位：江西力合环保工程有限公司"]
[{"$nulls":4},"报价时间：2018年05月04日"]
[{"$nulls":4},"联系电话：0791 8656-8991"]
[]
["材料设备询价表"]
["项目名称：厦门新机场土石方运输通道（沙美至小光山段）道路改造工程"]
["序号","材料名称","规格型号","单位","数量","单价（元/m）","合价","备注"]
[1,"CPVC75电缆套管",null,"m",7803,21,{"$f":"E30*F30","v":163863},"联塑"]
[2]
[3]
[null,"合计",null,"元",null,null,{"$f":"SUM(G30:G32)","v":163863}]
["说明：1、以上报价不含税不含运费；2、本报价有效期为十五天。"]
[]
[{"$nulls":4},"报价单位：广东联塑科技实业有限公司湖南分公司"]
[{"$nulls":4},"报价时间：2018年05月04日"]
[{"$nulls":4},"联系电话：0731 8466-2310"]

{"sheet":"草籽（马尼拉草）","index":1,"n_rows":40,"n_cols":8,"rows_kept":40,"merged":[[0,0,0,7],[1,0,1,7],[7,0,7,7],[9,4,9,7],[10,4,10,7],[11,4,11,7],[13,0,13,7],[14,0,14,7],[15,0,15,7],[21,0,21,7],[23,4,23,7],[24,4,24,7],[25,4,25,7],[27,0,27,7],[28,0,28,7],[29,0,29,7],[35,0,35,7],[37,4,37,7],[38,4,38,7],[39,4,39,7]]}
["材料设备询价表"]
["项目名称：厦门新机场土石方运输通道（沙美至小光山段）道路改造工程"]
["序号","材料名称","规格型号","单位","数量","单价     （元/kg）","合价","备注"]
[1,"草籽（马尼拉草）",null,"kg",1718,20,{"$f":"E4*F4","v":34360}]
[2]
[3]
[null,"合计",null,"元",null,null,{"$f":"SUM(G4:G6)","v":34360}]
["说明：1、以上报价含税含运费；2、本报价有效期为十五天。"]
[]
[{"$nulls":4},"报价单位：沭阳绿中城绿化工程有限公司"]
[{"$nulls":4},"报价时间：2018年05月04日"]
[{"$nulls":4},"联系电话：15851188529"]
[]
[]
["材料设备询价表"]
["项目名称：厦门新机场土石方运输通道（沙美至小光山段）道路改造工程"]
["序号","材料名称","规格型号","单位","数量","单价     （元/kg）","合价","备注"]
[1,"草籽（马尼拉草）",null,"kg",1718,30,{"$f":"E18*F18","v":51540}]
[2]
[3]
[null,"合计",null,"元",null,null,{"$f":"SUM(G18:G20)","v":51540}]
["说明：1、以上报价含税含运费；2、本报价有效期为十五天。"]
[]
[{"$nulls":4},"报价单位：沭阳绿森林绿化工程有限公司"]
[{"$nulls":4},"报价时间：2018年05月04日"]
[{"$nulls":4},"联系电话：13851375346"]
[]
[]
["材料设备询价表"]
["项目名称：厦门新机场土石方运输通道（沙美至小光山段）道路改造工程"]
["序号","材料名称","规格型号","单位","数量","单价     （元/kg）","合价","备注"]
[1,"草籽（马尼拉草）",null,"kg",1718,32,{"$f":"E32*F32","v":54976}]
[2]
[3]
[null,"合计",null,"元",null,null,{"$f":"SUM(G32:G34)","v":54976}]
["说明：1、以上报价含税含运费；2、本报价有效期为十五天。"]
[]
[{"$nulls":4},"报价单位：沭阳县新河镇秋歌花卉园艺场"]
[{"$nulls":4},"报价时间：2018年05月04日"]
[{"$nulls":4},"联系电话：13179560011"]

{"sheet":"容量100KVA箱式变压器","index":2,"n_rows":38,"n_cols":8,"rows_kept":38,"merged":[[0,0,0,7],[1,0,1,7],[7,0,7,7],[9,4,9,7],[10,4,10,7],[11,4,11,7],[12,0,12,7],[13,0,13,7],[14,0,14,7],[20,0,20,7],[22,4,22,7],[23,4,23,7],[24,4,24,7],[25,0,25,7],[26,0,26,7],[27,0,27,7],[33,0,33,7],[35,4,35,7],[36,4,36,7],[37,4,37,7],[38,0,38,7]]}
["材料设备询价表"]
["项目名称：厦门新机场土石方运输通道（沙美至小光山段）道路改造工程"]
["序号","材料名称","规格型号","单位","数量","单价     （元/套）","合价","备注"]
[1,"容量100KVA箱式变压器",null,"套",3,22188,{"$f":"E4*F4","v":66564},"长城"]
[2]
[3]
[null,"合计",null,"元",null,null,{"$f":"SUM(G4:G6)","v":66564}]
["说明：1、以上报价不含税不含运费；2、本报价有效期为十五天。"]
[]
[{"$nulls":4},"报价单位：上海长城变压器有限公司"]
[{"$nulls":4},"报价时间：2018年05月04日"]
[{"$nulls":4},"联系电话：021 6524-9935"]
[]
["材料设备询价表"]
["项目名称：厦门新机场土石方运输通道（沙美至小光山段）道路改造工程"]
["序号","材料名称","规格型号","单位","数量","单价     （元/套）","合价","备注"]
[1,"容量100KVA箱式变压器",null,"套",3,16640,{"$f":"E17*F17","v":49920},"诚誉"]
[2]
[3]
[null,"合计",null,"元",null,null,{"$f":"SUM(G17:G19)","v":49920}]
["说明：1、以上报价不含税不含运费；2、本报价有效期为十五天。"]
[]
[{"$nulls":4},"报价单位：上海韩誉电器制造有限公司"]
[{"$nulls":4},"报价时间：2018年05月04日"]
[{"$nulls":4},"联系电话：138-6873-8652"]
[]
["材料设备询价表"]
["项目名称：厦门新机场土石方运输通道（沙美至小光山段）道路改造工程"]
["序号","材料名称","规格型号","单位","数量","单价     （元/套）","合价","备注"]
[1,"容量100KVA箱式变压器",null,"套",3,14982,{"$f":"E30*F30","v":44946},"民扬"]
[2]
[3]
[null,"合计",null,"元",null,null,{"$f":"SUM(G30:G32)","v":44946}]
["说明：1、以上报价不含税不含运费；2、本报价有效期为十五天。"]
[]
[{"$nulls":4},"报价单位：上海广伐电器有限公司"]
[{"$nulls":4},"报价时间：2018年05月04日"]
[{"$nulls":4},"联系电话：135-8777-7809"]

{"sheet":"IP55 SM5mm 1200x1500x500路灯配电柜","index":3,"n_rows":38,"n_cols":8,"rows_kept":38,"merged":[[0,0,0,7],[1,0,1,7],[7,0,7,7],[9,4,9,7],[10,4,10,7],[11,4,11,7],[12,0,12,7],[13,0,13,7],[14,0,14,7],[20,0,20,7],[22,4,22,7],[23,4,23,7],[24,4,24,7],[25,0,25,7],[26,0,26,7],[27,0,27,7],[33,0,33,7],[35,4,35,7],[36,4,36,7],[37,4,37,7],[38,0,38,7]]}
["材料设备询价表"]
["项目名称：厦门新机场土石方运输通道（沙美至小光山段）道路改造工程"]
["序号","材料名称","规格型号","单位","数量","单价     （元/套）","合价","备注"]
[1,"IP55，SMC≥5mm，1200*1500*500路灯配电柜",null,"套",3,8066,{"$f":"E4*F4","v":24198},"正泰"]
[2]
[3]
[null,"合计",null,"元",null,null,{"$f":"SUM(G4:G6)","v":24198}]
["说明：1、以上报价不含税不含运费；2、本报价有效期为十五天。"]
[]
[{"$nulls":4},"报价单位：武汉华中正泰机电控制设备有限公司"]
[{"$nulls":4},"报价时间：2018年05月04日"]
[{"$nulls":4},"联系电话：027 8885-6777"]
[]
["材料设备询价表"]
["项目名称：厦门新机场土石方运输通道（沙美至小光山段）道路改造工程"]
["序号","材料名称","规格型号","单位","数量","单价     （元/套）","合价","备注"]
[1,"IP55，SMC≥5mm，1200*1500*500路灯配电柜",null,"套",3,12125,{"$f":"E17*F17","v":36375},"佳宝"]
[2]
[3]
[null,"合计",null,"元",null,null,{"$f":"SUM(G17:G19)","v":36375}]
["说明：1、以上报价不含税不含运费；2、本报价有效期为十五天。"]
[]
[{"$nulls":4},"报价单位：佛山市佳华电器科技发展有限公司"]
[{"$nulls":4},"报价时间：2018年05月04日"]
[{"$nulls":4},"联系电话：0757 8228-6356"]
[]
["材料设备询价表"]
["项目名称：厦门新机场土石方运输通道（沙美至小光山段）道路改造工程"]
["序号","材料名称","规格型号","单位","数量","单价     （元/套）","合价","备注"]
[1,"IP55，SMC≥5mm，1200*1500*500路灯配电柜",null,"套",3,8704,{"$f":"E30*F30","v":26112},"万州"]
[2]
[3]
[null,"合计",null,"元",null,null,{"$f":"SUM(G30:G32)","v":26112}]
["说明：1、以上报价不含税不含运费；2、本报价有效期为十五天。"]
[]
[{"$nulls":4},"报价单位：广州市万洲电气设备有限公司"]
[{"$nulls":4},"报价时间：2018年05月04日"]
[{"$nulls":4},"联系电话：020 3796-9997"]